| 000 | 00497cam a2200205ua 4500 | ||
|---|---|---|---|
| 020 | _c22.50 | ||
| 041 |
_aeng _h |
||
| 082 |
_a620.101 _bJUN/EN |
||
| 100 | _aJunnarkar, S B. | ||
| 245 |
_aEngineering mechanics / _cS B Junnarkar. _hTextual Documents |
||
| 250 |
_a1 / _b. |
||
| 260 |
_aNew Delhi,Tulsi : _bCharotar book stall , _c1966. |
||
| 300 | _a300 ; . | ||
| 365 | _a22.50 | ||
| 504 | _a | ||
| 942 | _cBK | ||
| 999 |
_c9314 _d9314 |
||